El consumo y los movimientos comerciales de grasas en el mundo / (Record no. 47171)

MARC details
000 -LEADER
campo de control de longitud fija 01367nam a2200301 i 4500
001 - NÚMERO DE CONTROL
campo de control 47171
003 - IDENTIFICADOR DE NÚMERO DE CONTROL
campo de control ES-MaACL
005 - FECHA Y HORA DE LA ÚLTIMA TRANSACCIÓN
campo de control 20250404175421.0
007 - CAMPO FIJO DE DESCRIPCIÓN FÍSICA--INFORMACIÓN GENERAL
campo de control de longitud fija t|
008 - DATOS DE LONGITUD FIJA--INFORMACIÓN GENERAL
campo de control de longitud fija 030404s1950 sp ||||1| spa d
245 03 - MENCIÓN DEL TÍTULO
Título El consumo y los movimientos comerciales de grasas en el mundo /
Mención de responsabilidad, etc. [publicación al cuidado de Marcial Polo Díez].
260 ## - PUBLICACIÓN, DISTRIBUCIÓN, ETC.
Lugar de publicación, distribución, etc. Madrid :
Nombre del editor, distribuidor, etc. Sindicato Vertical del Olivo,
Fecha de publicación, distribución, etc. 1950 (
Fabricante Ibarra)
300 ## - DESCRIPCIÓN FÍSICA
Extensión 207 p. :
Otras características físicas 14 map., 4 gráfs. ;
Dimensiones 24 cm.
505 8# - NOTA DE CONTENIDO CON FORMATO
Nota de contenido con formato Contiene: ;
Título El movimiento de las grasas comestibles en el mercado mundial /
Mención de responsabilidad por Rafael López Palao. --
Título El consumo de grasas en el mundo /
Mención de responsabilidad por A. Barbancho
510 ## - NOTA DE CITAS O REFERENCIAS BIBLIOGRÁFICAS
Nombre de la fuente CCPB,
Localización dentro de la fuente 001299222-4
650 04 - PUNTO DE ACCESO ADICIONAL DE MATERIA--TÉRMINO DE MATERIA
Término de materia o nombre geográfico como elemento de entrada Aceites y grasas.
9 (RLIN) 9582
700 1# - ENTRADA AGREGADA--NOMBRE PERSONAL
Nombre de persona Polo Díez, Marcial.
9 (RLIN) 92877
700 1# - ENTRADA AGREGADA--NOMBRE PERSONAL
Nombre de persona López Palau, Rafael.
9 (RLIN) 73857
700 1# - ENTRADA AGREGADA--NOMBRE PERSONAL
Nombre de persona Barbancho, A.
9 (RLIN) 25379
710 2# - ENTRADA AGREGADA--NOMBRE DE ENTIDAD CORPORATIVA
Nombre de entidad corporativa o nombre de jurisdicción como elemento de entrada Sindicato Vertical del Olivo.
9 (RLIN) 6618
740 32 - ENTRADA AGREGADA--TÍTULO RELACIONADO/ANALÍTICO NO CONTROLADO
Título relacionado o analítico no controlado El movimiento de las grasas comestibles en el mercado mundial.
740 32 - ENTRADA AGREGADA--TÍTULO RELACIONADO/ANALÍTICO NO CONTROLADO
Título relacionado o analítico no controlado El consumo de grasas en el mundo.
852 ## - LOCALIZACIÓN
Ubicación ES-MaACL
Número de control de estantería D-6579
itemnumber 48938
Sublocalización o colección R.30787
-- R.M.6169
Ubicación en estantería Sala Valle Inclán
Marcas de propiedad Sello en tinta azul de la Biblioteca del Ateneo de Madrid
Nota libre En cubierta: "16. ABR. 1951"
942 ## - ELEMENTOS DE ENTRADA SECUNDARIOS (KOHA)
Fuente del sistema de clasificación o colocación Clasificación decimal universal
Tipo de ítem Koha Libro impreso
Holdings
Estatus retirado Estado de pérdida Estado de daño No para préstamo Biblioteca de origen Biblioteca actual Ubicación en estantería Fecha de adquisición Fuente de adquisición Total de préstamos Signatura topográfica completa Código de barras Visto por última vez Precio de reemplazo Tipo de ítem Koha
        Biblioteca del Ateneo de Madrid Biblioteca del Ateneo de Madrid Sala Valle Inclán 17/01/2008     D-6579 901049616 23/02/2023 23/02/2023 Libro impreso